000 00986 a2200253 4500
999 _c2185
_d2185
020 _a0521562775 (hc)
020 _a0521565790 (pbk.)
050 0 0 _aHV1444 SAI 1996
100 1 _aSainsbury, Diane.
245 1 0 _aGender, equality, and welfare states /
_cDiane Sainsbury.
264 _aCambridge
_bUniversity of Cambridge
_c1996
300 _axiv, 258 p. :
_bill. ;
500 _aGender
504 _aIncludes bibliographical references (p. 231-251) and index.
650 0 _aWomen
_xGovernment policy.
650 0 _aWomen
_xEconomic conditions.
650 0 _aPublic welfare.
650 0 _aWelfare recipients.
650 0 _aSex discrimination against women.
856 4 2 _3Publisher description
_uhttp://www.loc.gov/catdir/description/cam027/95050672.html
856 4 1 _3Table of contents
_uhttp://www.loc.gov/catdir/toc/cam021/95050672.html
942 _2lcc
_cBK
_h1444
_iSAI
_kHV